000 00613nam a2200241Ia 4500
003 OSt
005 20220924150126.0
006 a|||||r|||| 00| 0
007 ta
008 220923b |||||||| |||| 00| 0 tel d
020 _c6.00
024 _a331873
037 _cTextual
040 _aARTS
_cARTS
_btel
041 _2tel
_atel
082 _aO35,1:g, L4
100 _aCharyulu Puttaparthi Narayana
_9221315
245 0 _aPrathibhaa lahari
260 _c1974
650 _aTELUGU POETRY
942 _hO35,1:g, L4
_cTEXL
_2CC
999 _c462271
_d462271